Normal view MARC view
  • Urdu Literature

Entry Topical Term

Number of records used in: 1

001 - CONTROL NUMBER

  • control field: 110331

003 - CONTROL NUMBER IDENTIFIER

  • control field: NUST

005 - DATE AND TIME OF LATEST TRANSACTION

  • control field: 20230315141911.0

008 - FIXED-LENGTH DATA ELEMENTS

  • fixed length control field: 230315|| aca||aabn | a|a d

040 ## - CATALOGING SOURCE

  • Original cataloging agency: NUST
  • Transcribing agency: NUST

150 ## - HEADING--TOPICAL TERM

  • Topical term or geographic name entry element: Urdu Literature
  • General subdivision: Novel / Nadar Loog is the story of a people

670 ## - SOURCE DATA FOUND

  • Source citation: Work cat.: (NUST)591479: Hussain, Abdullah 96825, Nadaar Log / نادار لوگ (Urdu) /, 2004
© 2023 Central Library, National University of Sciences and Technology. All Rights Reserved.